|
|
|
|
| LEADER |
00939naa a2200229 i 4500 |
| 001 |
acta66724 |
| 005 |
20230601113323.0 |
| 008 |
200430s2019 hu o 1|| hun d |
| 020 |
|
|
|a 978-963-306-633-1
|
| 040 |
|
|
|a SZTE Egyetemi Kiadványok Repozitórium
|b hun
|
| 041 |
|
|
|a hun
|
| 100 |
1 |
|
|a Tokics Imre
|
| 245 |
1 |
3 |
|a Az ókori izraeli család jogtörténeti háttere
|h [elektronikus dokumentum] :
|b [absztrakt] /
|c Tokics Imre
|
| 260 |
|
|
|a SZTE Néprajzi és Kulturális Antropológiai Tanszék, MTA-SZTE Vallási Kultúrakutató Csoport
|b Szeged
|c 2019
|
| 300 |
|
|
|a 25
|
| 490 |
0 |
|
|a A család egykor és ma : programfüzet
|
| 650 |
|
4 |
|a Társadalomtudományok
|
| 650 |
|
4 |
|a Szociológia
|
| 650 |
|
4 |
|a Jogtudomány
|
| 695 |
|
|
|a Zsidók - családjog - ókor - előadáskivonat
|
| 711 |
|
|
|a A család egykor és ma (5.)
|c Szeged
|d 2018
|
| 856 |
4 |
0 |
|u http://acta.bibl.u-szeged.hu/66724/1/2018_csalad_egykor_es_ma_absztrakt_025.pdf
|z Dokumentum-elérés
|